Normal view
MARC view
- Muhammae Murad Haider
Entry Personal Name
001 - CONTROL NUMBER
- control field: 15699
003 - CONTROL NUMBER IDENTIFIER
- control field: NUST
005 - DATE AND TIME OF LATEST TRANSACTION
- control field: 20190627060411.0
008 - FIXED-LENGTH DATA ELEMENTS
- fixed length control field: 190627|| aca||aabn | a|a d
040 ## - CATALOGING SOURCE
- Original cataloging agency: NUST
- Transcribing agency: NUST
100 ## - HEADING--PERSONAL NAME
- Personal name: Muhammae Murad Haider
670 ## - SOURCE DATA FOUND
- Source citation: Work cat.: (NUST): Muhammae Murad Haider, POLICY BASED GOVERNANCE OF VIRTUAL ORGANIZATIONS IN THE CONTEXT OF SERVICE ORIENTED ARCHITECTURE /, 2012.
